LEADER 01361oam 2200469 450 001 9910717239503321 005 20201204110703.0 035 $a(CKB)25433216700041 035 $a(OCoLC)908395758 035 $a(EXLCZ)9925433216700041 100 $a20150505h20152015 ua 0 101 0 $aeng 135 $aurbn||||||||| 181 $ctxt$2rdacontent 182 $cc$2rdamedia 183 $acr$2rdacarrier 200 10$aMyanmar $eanatomy of a political transition /$fPriscilla Clapp 210 1$aWashington, DC :$cUnited States Institute of Peace,$d2015. 210 4$d©2015 215 $a1 online resource (16 pages) 225 1 $aSpecial report ;$v369 300 $a"April 2015." 320 $aIncludes bibliographical references (page 16). 606 $aDemocratization$zBurma 606 $aDemocratization$2fast 606 $aPolitics and government$2fast 607 $aBurma$xPolitics and government$y21st century 607 $aBurma$2fast 615 0$aDemocratization 615 7$aDemocratization. 615 7$aPolitics and government. 700 $aClapp$b Priscilla$01147822 712 02$aUnited States Institute of Peace, 801 0$bAWC 801 1$bAWC 801 2$bOCLCF 801 2$bOCL 801 2$bGPO 906 $aBOOK 912 $a9910717239503321 996 $aMyanmar$93528429 997 $aUNINA LEADER 01931nas 2200589- 450 001 996412139903316 005 20240204213017.0 011 $a1984-249X 035 $a(DE-599)ZDB2650796-1 035 $a(OCoLC)990674649 035 $a(CKB)3270000000000331 035 $a(CONSER)--2017240206 035 $a(EXLCZ)993270000000000331 100 $a20160208a20089999 --- - 101 0 $apor 135 $aur||||||||||| 181 $ctxt$2rdacontent 182 $cc$2rdamedia 183 $acr$2rdacarrier 200 00$aArchai $erevista sobre as origens do pensamento ocidental 210 1$aBrasília, DF :$cCátedra Unesco Archai,$d2008- 215 $a1 online resource 300 $aRefereed/Peer-reviewed 311 $a2149-7960 517 1 $aRevista Archai 517 1 $aRevista sobre as origens do pensamento ocidental 517 1 $aRevista de estudos sobre as origens do pensamento ocidental 517 1 $aJournal on the origins of the Western thought 531 0 $aRev. Archai 606 $aCivilization, Western$vPeriodicals 606 $aCivilization, Classical$vPeriodicals 606 $aCulture$xOrigin$vPeriodicals 606 $aCivilization$2fast$3(OCoLC)fst00862898 606 $aCivilization, Classical$2fast$3(OCoLC)fst00862996 606 $aCivilization, Western$2fast$3(OCoLC)fst00863138 606 $aCulture$xOrigin$2fast$3(OCoLC)fst00885073 607 $aGreece$xCivilization$vPeriodicals 607 $aGreece$2fast 608 $aPeriodicals.$2fast 608 $aPeriodicals.$2lcgft 615 0$aCivilization, Western 615 0$aCivilization, Classical 615 0$aCulture$xOrigin 615 7$aCivilization. 615 7$aCivilization, Classical. 615 7$aCivilization, Western. 615 7$aCulture$xOrigin. 712 02$aCátedra Unesco Archai, 906 $aJOURNAL 912 $a996412139903316 996 $aArchai$92003772 997 $aUNISA